[Event "41st Eastman Open Ghent"]
[Site "Ghent"]
[Date "2018.07.14"]
[Round "2.12"]
[White "Schriemer, Oene"]
[Black "Lammens, Tim"]
[Result "0-1"]
[WhiteElo "1979"]
[BlackElo "2293"]
[Annotator "TA"]
[PlyCount "100"]
[EventDate "2018.07.15"]
[EventCountry "BEL"]
[SourceTitle "playchess.com"]
[Source "ChessBase"]
[SourceQuality "1"]

{[%evp 19,100,49,59,29,28,27,38,15,38,14,19,0,0,-13,0,-20,48,52,78,70,81,-23,-21,-92,-106,-115,-92,-202,-191,-213,-209,-202,-201,-216,-183,-212,-166,-248,-233,-243,-239,-227,-233,-229,-185,-180,-177,-187,-181,-190,-145,-174,-172,-226,-235,-221,-220,-202,-191,-480,-468,-476,-456,-487,-447,-491,-488,-489,-489,-483,-485,-483,-481,-613,-612,-592,-598,-593,-585,-569,-558,-554,-506]} 1. e4 g6 2. d4 Bg7 3. Nc3 d6 4. Bc4 e6 5. Nf3 a6 6. a4 b6 7. O-O Bb7 {B06: Modern Defence} (7... Ne7 8. Bf4 Nd7 9. Qd2 h6 10. Rfe1 g5 11. Bg3 Ng6 12. h3 Nf6 13. e5 Nh5 14. Bh2 Nhf4 15. exd6 cxd6 {1-0 (36) Gustafsson,J (2630)-Fier,A (2636) Linares 2015}) 8. Re1 Nd7 9. Bg5 {[%cal Bc1g5,Bg5f4,Bf4g3][%mdl 32]} Ne7 10. Qd2 h6 {LiveBook: 3 Games} 11. Bf4 g5 12. Bg3 $1 Ng6 {[#] Strongly threatening ...g4.} 13. h3 Nf6 14. Rad1 $146 (14. d5 {keeps more tension.} e5 15. Qe2 O-O 16. Nh2 Nf4 17. Qd1) ({Predecessor:} 14. e5 Nh5 15. d5 Nxg3 16. dxe6 {0-1 (29) Ornolfsson,M (2248)-Gretarsson,H (2448) Reykjavik 2017}) 14... Nh5 15. Qe3 Nxg3 16. fxg3 Qe7 17. Qd3 h5 (17... O-O $11) 18. Nd5 $1 $14 {[%cal Rd5e7]} Qd8 ({Much worse is} 18... exd5 $6 19. exd5 Ne5 20. dxe5 $16) 19. Ne3 h4 20. g4 (20. Qb3 $16) 20... Nf4 $36 {[%mdl 2048] Black is pushing.} 21. Qf1 (21. Qb3 $1 $11) 21... Bxe4 $17 22. c3 Qf6 23. Kh2 {[#]} (23. d5 $17) 23... O-O $1 $19 24. Nd2 Bb7 25. Ba2 c5 26. Nf3 cxd4 27. Nxd4 Be4 28. Rd2 (28. Bb1 $142 Bb7 29. Nf3) 28... d5 29. Bb1 Bxb1 30. Rxb1 Qe5 31. Qf3 Rfc8 32. Kg1 Bf8 33. Re1 Bc5 34. Nec2 Qf6 35. Kh2 Rab8 36. Ne2 (36. Kh1 {was necessary.}) 36... Bd6 {...Nxe2+ is the strong threat.} 37. Kh1 Rc4 38. Rd4 b5 39. b3 $2 (39. axb5 axb5 40. Nxf4 gxf4 41. Rf1) 39... Rxd4 {Black is clearly winning.} 40. Ncxd4 bxa4 41. bxa4 Rb2 42. Rf1 Qe5 43. Nxf4 Qxf4 44. Qxf4 Bxf4 {[%mdl 4096] Endgame KRB-KRN} (44... gxf4 $2 45. Nf3 $19) 45. Ra1 Kg7 46. Kg1 Be3+ 47. Kh1 Bxd4 48. cxd4 Rd2 49. Kg1 a5 50. Kf1 Rxd4 {Precision: White = 24%, Black = 72%.} 0-1

[Event "41st Eastman Open Ghent"]
[Site "Ghent"]
[Date "2018.07.14"]
[Round "2.13"]
[White "Hamblok, Roel"]
[Black "Kalmes, Rene"]
[Result "1-0"]
[WhiteElo "2297"]
[BlackElo "2030"]
[Annotator "TA"]
[PlyCount "61"]
[EventDate "2018.07.15"]
[EventCountry "BEL"]
[SourceTitle "playchess.com"]
[Source "ChessBase"]
[SourceQuality "1"]

{[%evp 18,61,47,28,72,95,87,3,8,8,17,17,12,15,16,9,19,3,105,114,437,286,272,275,281,279,267,281,274,131,232,227,211,220,227,228,194,131,212,191,284,282,283,279,248,195]} 1. Nf3 Nf6 2. c4 e6 3. g3 b6 4. Bg2 Bb7 5. O-O c5 6. Nc3 Be7 7. d4 cxd4 8. Qxd4 Nc6 9. Qf4 O-O 10. Rd1 {LiveBook: 284 Games} d5 {A30: Symmetrical English: Double Fianchetto and Hedgehog} (10... Qb8 11. b3 Rd8 12. Bb2 Qxf4 13. gxf4 Na5 14. Ne5 Bxg2 15. Kxg2 d6 16. Nf3 Rd7 17. Rd2 Rad8 18. Rad1 Kf8 19. Nb5 a6 20. Nc3 Nc6 21. e3 {1-0 (54) Pantsulaia,L (2612)-Grigoriants,S (2561) Riadh 2017}) 11. e4 {[%cal Re4d5]} Bd6 12. Qh4 $146 ({Better is} 12. e5 $1 $16 {[%cal Re5d6]} Bc7 13. Nb5) ({Predecessor:} 12. e5 Nxe5 13. Nxe5 Nd7 14. Nxf7 Bxf4 15. Nxd8 Bxc1 16. Nxb7 Bxb2 17. cxd5 Bxa1 18. Rxa1 exd5 19. Bxd5+ Kh8 20. Nd6 {1-0 (20) Vadasz,L-Sande,O Dresden 1969}) 12... dxe4 {The position is equal.} 13. Nxe4 Nxe4 14. Qxe4 {Hoping for Ng5.} Qe7 15. Ng5 {[%csl Gg5][%cal Re4h7]} g6 16. Qh4 {[%csl Gg5][%cal Rh4h7]} h5 17. g4 $40 {[%cal Bg3g4,Bg4h5][%mdl 160] White mounts an attack.} Kg7 (17... Rad8 $1 $11 {keeps the balance.} 18. Be3 f5) 18. gxh5 $16 Rh8 $2 {[%mdl 8192]} (18... Rad8 $16) 19. h6+ Kf8 20. Bxc6 Bxc6 {[#]} 21. Qd4 $1 {[%cal Rd4h8]} Bxh2+ 22. Kxh2 {[%cal Rd4h8]} Rxh6+ 23. Nh3 (23. Kg3 $18 {is the precise move to win.} Rh5 24. Qd6 Qxd6+ 25. Rxd6) 23... Rh4 (23... Rh5 $16) 24. Qd6 $18 Qxd6+ 25. Rxd6 Rxc4 26. b3 Rc2 27. Ba3 (27. Bg5 $18) 27... Kg7 {[#]} (27... Ke8 $16 {might work better.} 28. Kg3 a5) 28. Rc1 $1 {[%cal Rc1c2]} Rxc1 (28... Rxa2 $142 29. Bb4 Bd5) 29. Bxc1 Rc8 30. Bb2+ Kh6 31. Bf6 {Precision: White = 66%, Black = 30%.} 1-0

[Event "41st Eastman Open Ghent"]
[Site "Ghent"]
[Date "2018.07.15"]
[Round "3"]
[White "Michiels, Bart"]
[Black "James, David J"]
[Result "1/2-1/2"]
[WhiteElo "2554"]
[BlackElo "2122"]
[Annotator "TA"]
[PlyCount "78"]
[EventDate "2018.07.15"]
[EventCountry "BEL"]
[SourceTitle "playchess.com"]
[Source "ChessBase"]
[SourceQuality "1"]

{[%evp 17,78,8,13,0,0,0,0,0,2,0,-2,0,6,-12,0,0,65,37,58,50,48,0,0,-8,-5,-125,-124,-103,-118,-93,-105,-90,-57,-49,-46,-137,-144,-109,-114,-165,-222,-263,-108,-108,-100,-108,-103,-96,-108,-96,-104,-98,-102,-104,-95,-90,-86,-110,-97,-110,-123,-132,-125]} 1. c4 e5 2. Nc3 Nf6 3. Nf3 Nc6 4. e3 Bb4 5. Qc2 O-O 6. Nd5 a5 7. a3 Bc5 {A28: English Opening: Four Knights Variation} (7... Bd6 8. Ng5 g6 9. Nxf6+ Qxf6 10. Ne4 Qd8 11. Nxd6 cxd6 12. b3 b6 13. Be2 Bb7 14. Bf3 Qc7 15. O-O {1-0 (54) Chekhov,V (2457)-Tukmakov,V (2540) Minsk 2018}) 8. Bd3 h6 9. b3 d6 {LiveBook: 4 Games. The position is equal.} 10. Nxf6+ Qxf6 11. Be4 Qe7 $146 ({Predecessor:} 11... Ne7 12. Bb2 Bf5 13. d4 exd4 14. Nxd4 Bxd4 15. Bxd4 {0-1 (50) Feldtmann,T (2244)-Arold,H (2222) Germany 2006}) 12. O-O f5 13. Bxc6 bxc6 14. d4 e4 15. Nd2 Ba7 16. b4 axb4 ({Black should try} 16... f4 $11) 17. axb4 $14 c5 $1 {[%cal Rc5b4]} 18. bxc5 dxc5 19. Ra5 {And now Ba3 would win.} cxd4 20. Ba3 c5 {White must now prevent ...Qc7.} 21. Bxc5 (21. exd4 $11 Qc7 22. Ra4) 21... Bxc5 $17 22. Rxa8 dxe3 23. fxe3 Bxe3+ 24. Kh1 Bc5 {[%mdl 1024] Black has strong compensation.} 25. Rb1 Re8 26. Qa4 ({White should play} 26. Nf1 $15) 26... e3 27. Nf3 e2 28. h3 (28. Qa5 $17 {might work better.}) 28... Bf2 (28... Qe4 $142 29. Ra1 Bd6) 29. Qc6 {[#]} Bd7 (29... Qe4 $1 $19 {[%cal Re4b1]} 30. Qxe4 fxe4) 30. Qd5+ {[#]} Kh7 $1 {Hoping for ...Rxa8.} 31. Rxe8 Qxe8 32. Ne1 Qe4 33. Qxe4 fxe4 34. Rb2 Bxe1 35. Rxe2 Bb4 {aiming for ...Bc6.} 36. Rxe4 Kg6 37. Rf4 Bc5 38. h4 h5 39. g3 Bf5 {Precision: White = 40%, Black = 61%.} 1/2-1/2

[Event "41st Eastman Open Ghent"]
[Site "Ghent"]
[Date "2018.07.15"]
[Round "3"]
[White "Moradiabadi, Elshan"]
[Black "De Hoogt, Ivar"]
[Result "1-0"]
[WhiteElo "2538"]
[BlackElo "2131"]
[Annotator "TA"]
[PlyCount "57"]
[EventDate "2018.07.15"]
[EventCountry "BEL"]
[SourceTitle "playchess.com"]
[Source "ChessBase"]
[SourceQuality "1"]

{[%evp 14,57,37,40,70,62,91,91,185,101,91,85,108,110,103,100,181,143,144,156,143,144,152,56,64,40,46,43,40,39,102,102,114,116,211,208,207,202,205,200,220,219,390,385,1195,1172]} 1. Nf3 g6 2. g3 Bg7 3. Bg2 Nc6 4. d4 d6 5. O-O e5 6. dxe5 {A41: 1 d4 d6: Tartakower System and Modern Defence} dxe5 7. Qxd8+ (7. Nc3 Bd7 8. Nd5 Nce7 9. c4 c6 10. Nc3 Bf5 11. Qb3 Qc7 12. e4 Bg4 13. Be3 Bh6 {1-0 (35) Zhou,J (2597)-Lu,S (2641) Sanya City 2017}) 7... Nxd8 8. Nc3 {[%cal Bb1c3,Bc3e4,Be4d6][%mdl 32] LiveBook: 6 Games. And now Nb5 would win.White is slightly better.} Ne6 9. Ng5 Nxg5 10. Bxg5 f6 (10... c6 $16 {was worth a try.}) 11. Be3 (11. Nd5 $18) 11... c6 $16 12. Ne4 {aiming for Nd6+.} Ne7 13. Nd6+ $146 ({Predecessor:} 13. Rfd1 Nf5 {½-½ (62) Jirka,J (2330)-Heberla,B (2390) Prerov 2001}) 13... Kd7 14. Rad1 {Black must now prevent Nf5+.} Ke6 (14... Kc7 $16 {keeps fighting.}) 15. Bc5 b6 16. Ba3 Ba6 17. c4 Rad8 18. b3 (18. Rd3 $16) 18... f5 $14 19. e4 c5 20. Nb5 $36 {[%mdl 2048] White has good play.} Bxb5 21. cxb5 f4 ({Black should try} 21... Nc8 $14) 22. Bh3+ Kf7 23. Bd7 Ng8 {[#]} (23... Rhf8 $16 {might work better.} 24. Bb2 Ng8) 24. Be6+ $1 $18 {[%mdl 512]} Ke7 {...Rxd1 is the strong threat.} (24... Kxe6 25. Rxd8) 25. Rxd8 Kxd8 {[#]} 26. b4 $1 {[%cal Bb3b4,Bb4c5][%mdl 32]} Nf6 27. bxc5 Bf8 $2 (27... Kc7 28. Re1 fxg3) 28. Rd1+ Kc7 $2 (28... Ke8 29. cxb6 axb6) 29. Bb2 {Precision: White = 59%, Black = 24%.} 1-0

[Event "41st Eastman Open Ghent"]
[Site "Ghent"]
[Date "2018.07.15"]
[Round "3"]
[White "Docx, Stefan"]
[Black "Lacrosse, Marc"]
[Result "1-0"]
[WhiteElo "2450"]
[BlackElo "2129"]
[Annotator "TA"]
[PlyCount "43"]
[EventDate "2018.07.15"]
[EventCountry "BEL"]
[SourceTitle "playchess.com"]
[Source "ChessBase"]
[SourceQuality "1"]

{[%evp 24,43,18,23,28,44,50,34,33,25,41,27,69,70,202,136,167,137,292,295,306,295]} 1. c4 e6 2. Nc3 d5 3. d4 Nf6 4. Nf3 Nbd7 5. Bg5 c6 6. e3 Qa5 7. cxd5 Nxd5 8. Qd2 N7b6 9. Bd3 {[%cal Bf1d3,Bd3c2,Bc2b3][%mdl 32]} Nxc3 10. bxc3 Na4 11. O-O {D52: Queen's Gambit Declined: Cambridge Springs Variation} Qxc3 12. Qe2 Qb2 13. Bc2 {[#] LiveBook: 18 Games. Threatens to win with Ne5.The position is equal.} Nc3 (13... Qb5 14. Bd3 {½-½ (16) Woellermann,J (2384)-Jirovsky,M (2443) Germany 2018}) 14. Qd3 Nd5 {And now ...Nb4 would win.} 15. Bb3 {[%mdl 1024] White has compensation.} Qc3 16. Qd1 h6 17. Bh4 Ba3 $146 ({Predecessor:} 17... Bd6 18. Nd2 Bb8 {1-0 (65) Westerlund,B-Kalton,N IECG email 1997}) 18. Ne5 Nf6 (18... a5 $1 $14) 19. Nc4 Qb4 20. Qf3 Qe7 $2 {[#]} (20... Nd7 $16 {is a better defense.} 21. Bg3 Qe7) 21. e4 $18 g5 22. Bg3 {Precision: White = 96%, Black = 31%.} 1-0

[Event "41st Eastman Open Ghent"]
[Site "Ghent"]
[Date "2018.07.15"]
[Round "3"]
[White "Lammens, Tim"]
[Black "Verhaeren, Gertjan"]
[Result "1/2-1/2"]
[WhiteElo "2293"]
[BlackElo "2104"]
[Annotator "TA"]
[PlyCount "95"]
[EventDate "2018.07.15"]
[EventCountry "BEL"]
[SourceTitle "playchess.com"]
[Source "ChessBase"]
[SourceQuality "1"]

{[%evp 19,95,0,15,14,10,12,5,11,8,22,53,41,41,22,22,20,19,25,72,27,28,26,18,16,47,12,15,26,38,0,0,0,29,0,11,7,10,10,4,7,15,5,20,0,1,1,10,6,10,10,21,0,43,0,56,51,138,27,49,14,14,14,14,14,14,14,14,14,14,14,14,14,14,14,59,59,59,59]} 1. Nf3 Nf6 2. g3 g6 3. b3 Bg7 4. Bb2 O-O 5. Bg2 d6 6. d4 c5 7. O-O cxd4 8. Nxd4 d5 9. c4 e5 {A49: Königsindisch (ohne c2-c4)} 10. Nc2 (10. Nb5 a6 11. N5c3 d4 12. Nd5 Nc6 13. e4 b5 14. Ba3 Re8 15. Nd2 Be6 16. Rc1 Rc8 17. h3 {1-0 (39) Andreikin,D (2712)-Gupta,A (2610) chess.com INT 2018}) 10... dxc4 {LiveBook: 6 Partien} 11. Bxe5 $146 ({Vorgänger:} 11. bxc4 Nc6 12. Nc3 Qb6 13. Ba3 Rd8 14. Nd5 Qa6 15. Qd3 Bf5 16. e4 Rxd5 17. Qe3 {0-1 (33) Ibrahim,H (2402)-Shoker,S (2475) Cairo 2011}) 11... cxb3 {Die Stellung ist ausgeglichen.} 12. axb3 Nc6 13. Bb2 Be6 14. Nd4 Bd5 15. Nxc6 bxc6 16. Qc2 Bxg2 17. Kxg2 Qd5+ 18. Kg1 $1 Rfb8 19. Ra3 Ne4 20. Bxg7 Kxg7 21. Rc1 Rb6 22. f3 Qd4+ 23. Kh1 Nf6 24. Qc5 Qb2 25. Qc2 Qd4 26. Nc3 Nd5 27. Ra4 (27. Ne4 {is interesting.} a5 28. Qd2 Qe5 29. Rc5 Rb4 30. Nc3) 27... Qxc3 28. Qxc3+ Nxc3 29. Rxc3 $11 {[%mdl 4096] Endspiel KTT-KTT} Re8 30. Ra2 h5 31. Rd3 Re7 32. Kg2 Reb7 33. Ra3 Rb4 34. Kf2 c5 35. Rc3 Kf6 36. e4 h4 (36... R7b5 $11) 37. gxh4 $14 Ke6 (37... R7b5 $14) 38. Ke3 ({Günstiger ist} 38. Rxc5 $16 {h5 ist eine echte Drohung.} Rxb3 39. Ra6+ R3b6 40. Raa5) 38... f5 39. Rxc5 {Droht Ta6+ und aus.} Rxb3+ 40. Rxb3 Rxb3+ {KT-KT} 41. Kf4 {[%cal Re4f5]} fxe4 42. fxe4 {Schwarz muss nun Tc6+ beachten.} Rh3 43. Rc6+ Kd7 44. Rxg6 {[#] Droht stark Kg5.} Rxh4+ 45. Ke5 Rxh2 46. Rg7+ Ke8 47. Rxa7 Rh6 48. Kd4 {Precision: Weiß = 41%, Schwarz = 43%.} 1/2-1/2

[Event "41st Eastman Open Ghent"]
[Site "Ghent"]
[Date "2018.07.15"]
[Round "3"]
[White "Foisor, Sabina Francesca"]
[Black "Verhelst, Joris"]
[Result "1-0"]
[WhiteElo "2285"]
[BlackElo "2098"]
[Annotator "TA"]
[PlyCount "101"]
[EventDate "2018.07.15"]
[EventCountry "BEL"]
[SourceTitle "playchess.com"]
[Source "ChessBase"]
[SourceQuality "1"]

{[%evp 19,101,-39,-8,-7,0,-9,0,-7,-11,-27,-2,-10,-9,-13,0,-5,-5,0,0,-6,0,0,0,0,53,32,23,18,28,13,34,0,0,0,20,16,115,108,80,77,1020,1036,750,128,123,132,168,140,401,391,393,397,393,397,384,394,385,385,397,350,5989,656,6047,5388,6070,4906,6070,6070,6070,6070,5865,472,443,420,5807,5893,4020,2949,5825,5807,4133,2256,29980,29981]} 1. d4 d5 2. c4 e6 3. Nf3 Nf6 4. Bg5 Be7 5. Qc2 O-O 6. e3 b6 7. Nc3 c5 8. cxd5 Nxd5 9. Bxe7 Qxe7 10. a3 Nd7 11. Bd3 {D61: Queen's Gambit Declined: Classical: 7 Qc2} h6 $146 ({Predecessor:} 11... g6 12. O-O Bb7 13. Nxd5 Bxd5 14. e4 Bb7 15. Rae1 Rac8 16. Qa4 a5 17. Bb5 Nf6 18. d5 exd5 19. exd5 {0-1 (54) Rezsnyak,K-Bea,D Goed 2004}) 12. O-O Bb7 13. Nxd5 {The position is equal.} Bxd5 14. Qe2 cxd4 15. Nxd4 Nc5 16. Bc2 Rac8 17. Rfd1 Rfd8 18. e4 Bb7 19. b4 Ba6 20. Qe3 Nd7 $1 21. e5 $1 Nb8 (21... Nf8 $11) 22. Qe4 {Qh7+ would kill now.} g6 23. Qe3 $36 {[%mdl 2048] White has some pressure.} Nc6 ({Wrong is} 23... Rxd4 $2 24. Qxd4 Nc6 25. Qe3 $18) 24. Nxc6 Rxc6 25. Rxd8+ Qxd8 26. Rd1 Qc7 27. Be4 Rc4 {[#]} (27... Rc3 $1 $11 {remains equal.} 28. Qxh6 Be2) 28. Bxg6 $1 $16 {[%mdl 512]} fxg6 29. Qxh6 Rg4 $2 {[%mdl 8192]} (29... Qe7 $16) 30. h3 $18 Be2 31. hxg4 $2 (31. Rd6 $18 {has better winning chances.} Bb5 32. hxg4) 31... Bxd1 $16 32. Qxg6+ Kh8 33. Qh6+ Qh7 $2 {[%mdl 8192]} (33... Kg8 $16) 34. Qf6+ $18 Qg7 {next ...Qxf6 is good for Black.} 35. Qd8+ Kh7 36. Qxd1 Qxe5 {[%mdl 4096] Endgame KQ-KQ} 37. Qd3+ Kg7 38. g3 a5 39. Qe3 Qd6 $2 (39... Qc7 40. Qxe6 Qc1+ 41. Kg2 Qxa3 42. Qd7+ (42. Qxb6 axb4 43. Qc7+ Kf6 $18) 42... Kf8 43. Qd6+ Kf7 44. Qf4+ Ke6 45. bxa5 bxa5) 40. bxa5 (40. Qg5+ $142 Kf7 41. Qh5+ Kg7 42. bxa5 bxa5 43. Qxa5) 40... bxa5 41. Qg5+ Kh7 42. Qxa5 Qd1+ 43. Kg2 Qxg4 44. Qc7+ Kg6 45. Qf4 (45. Qc6 $142 {And now f3 would win.} Kg7 46. f3) 45... Qe2 46. a4 e5 (46... Qa6 $142 47. Qe4+ Kf7) 47. Qe3 Qc4 48. Qxe5 Qxa4 49. Qe6+ Kg7 50. Qe7+ Kg8 51. Qg5+ {Precision: White = 69%, Black = 17%.} 1-0

[Event "41st Eastman Open Ghent"]
[Site "Ghent"]
[Date "2018.07.15"]
[Round "3"]
[White "Kett, Timothy"]
[Black "Kok, Cas"]
[Result "0-1"]
[WhiteElo "2231"]
[BlackElo "2031"]
[Annotator "NA"]
[PlyCount "66"]
[EventDate "2018.07.15"]
[EventCountry "BEL"]
[SourceTitle "playchess.com"]
[Source "ChessBase"]
[SourceQuality "1"]

1. e4 e5 2. Nc3 Nf6 3. Bc4 Nxe4 4. Qh5 Nd6 5. Bb3 Be7 6. Nf3 Nc6 7. d3 {C27: Vienna Game: 2...Nf6 3 Bc4 Nxe4} (7. Nxe5 g6 8. Qe2 Nd4 9. Qd3 Nxb3 10. axb3 O-O 11. O-O Bf6 12. Nf3 Nf5 13. Re1 Bg7 14. b4 b6 15. b3 {½-½ (28) Shanava,K (2563)-Mchedlishvili,M (2637) Tbilisi 2013}) 7... g6 8. Qg4 h5 9. Qh3 Nf5 10. g4 Nfd4 11. gxh5 Rxh5 12. Qg2 Rf5 $146 ({Predecessor:} 12... d6 13. Nxd4 Nxd4 14. Be3 c6 {0-1 (31) Tartakower,S-Wolf,H Karlsbad 1907}) 13. Nxd4 Nxd4 14. Be3 Nf3+ 15. Ke2 c6 16. h4 Nxh4 17. Rxh4 Bxh4 18. Ne4 d5 19. Ng3 $19 Bxg3 20. fxg3 Rh5 21. g4 Rh4 22. g5 Qd7 23. Qf2 Qg4+ 24. Kd2 Bf5 25. Rg1 Qh5 26. Kc1 Rh1 27. Qg3 Rxg1+ 28. Bxg1 Kd7 29. a3 Rh8 30. Be3 Qe2 31. Kb1 Rh3 32. Qxe5 Qxe3 33. Qb8 Qb6 0-1

[Event "41st Eastman Open Ghent"]
[Site "Ghent"]
[Date "2018.07.15"]
[Round "3"]
[White "Roos, David"]
[Black "Venkataraman, Karthik"]
[Result "1-0"]
[WhiteElo "2142"]
[BlackElo "2514"]
[Annotator "TA"]
[PlyCount "87"]
[EventDate "2018.07.15"]
[EventCountry "BEL"]
[SourceTitle "playchess.com"]
[Source "ChessBase"]
[SourceQuality "1"]

{[%evp 18,87,68,69,71,66,74,-6,92,89,96,113,145,81,85,73,96,53,124,91,133,147,167,167,167,143,150,142,157,154,161,122,116,110,129,114,134,93,140,128,148,156,158,158,173,138,138,139,140,140,134,134,145,127,108,89,324,311,310,318,304,299,582,531,647,636,5185,918,4894,4786,29998,29999]} 1. e4 c5 2. Nf3 d6 3. d4 Nf6 4. Nc3 cxd4 5. Nxd4 a6 6. Bg5 e6 7. f4 Qc7 8. Bxf6 gxf6 9. Qf3 {B96: Sizilianisch (Najdorf-Variante)} (9. Be2 Nc6 10. Qd3 Nxd4 11. Qxd4 Qc5 12. Qd3 Bd7 13. O-O-O Rc8 14. Kb1 b5 15. a3 h5 16. f5 b4 17. axb4 Qxb4 18. fxe6 fxe6 {1-0 (35) Sutovsky,E (2650)-Najer,E (2679) Poikovsky 2017}) 9... Nc6 10. O-O-O {LiveBook: 17 Partien} h5 11. Kb1 {Weiß steht besser.} Bd7 12. g3 (12. f5 $16) 12... Rc8 $146 (12... Nxd4 $11 {hält das Gleichgewicht.} 13. Rxd4 Qb6) ({Vorgänger:} 12... h4 13. Be2 b5 14. a3 Rc8 15. Qe3 hxg3 16. hxg3 Rxh1 17. Rxh1 Qa7 18. Rd1 Nxd4 19. Rxd4 {0-1 (59) Wallis,C (2250)-Deepan Chakkravarthy,J (2482) Canberra 2009}) 13. Nxc6 $16 Bxc6 14. f5 b5 15. a3 ({Günstiger ist} 15. fxe6 {Droht stark Lh3.} fxe6 16. Qxf6) 15... Be7 16. Rd2 Qb6 17. Bh3 Bd7 ({Besser ist} 17... b4 $14 18. axb4 e5) 18. Ne2 b4 19. fxe6 fxe6 20. Qb3 Rb8 {Schwarz plant ...bxa3.} 21. Bxe6 Bxe6 22. Qxe6 {[#] Und a4 würde nun gewinnen.} bxa3 {[%csl Ga3,Gb8][%cal Rb6b2]} 23. b3 {Schwarz muss nun Thd1 beachten.} Qc5 24. Nf4 Qe5 25. Qxe5 fxe5 26. Nd5 h4 27. Rhd1 Bg5 28. Rd3 hxg3 29. Rxg3 Bd8 30. Rd2 Rb7 31. Ka2 Rbh7 32. Rgg2 (32. Kxa3 $6 Rxh2 33. Rxh2 Rxh2 $11) 32... Rh4 33. Rde2 ({Finger weg von} 33. Kxa3 $6 Rxe4 34. c4 Rd4 $14) 33... Kd7 34. Kxa3 a5 35. Ka4 Kc6 36. Re3 {zielt auf Tc3+ ab.} Rxh2 $2 (36... Bb6 $16 {ist eine bessere Verteidigung.} 37. Rg7 (37. Nxb6 Kxb6 38. Rd2 R8h6 $16) 37... R8h7 38. Rxh7 (38. Rc3+ Bc5 $16) 38... Rxh7) 37. Rc3+ $18 Kb7 38. Rg7+ Kb8 39. Nc7 {[#] Droht Matt per Sa6+.} Bxc7 $2 (39... Bf6) 40. Rcxc7 Rg8 41. Rb7+ Kc8 42. Rgc7+ Kd8 43. Kb5 {jetzt Kb6 und aus.} Rgg2 44. Kb6 {Precision: Weiß = 76%, Schwarz = 40%.} 1-0

[Event "41st Eastman Open Ghent"]
[Site "Ghent"]
[Date "2018.07.15"]
[Round "3"]
[White "Vermaat, Marcel"]
[Black "Epishin, Vladimir"]
[Result "1/2-1/2"]
[WhiteElo "2138"]
[BlackElo "2541"]
[Annotator "TA"]
[PlyCount "33"]
[EventDate "2018.07.15"]
[EventCountry "BEL"]
[SourceTitle "playchess.com"]
[Source "ChessBase"]
[SourceQuality "1"]

{[%evp 16,33,89,75,104,79,77,89,121,125,145,133,122,119,121,150,161,158,243,275]} 1. e4 g6 2. d4 {[%cal Bd2d4,Bd4d5][%mdl 32]} Bg7 3. c4 d6 4. Nc3 Nc6 5. d5 Nd4 6. Be3 c5 7. Nge2 e5 {A42: Moderne Verteidigung (mit c2-c4/ohne Sf6)} (7... Nxe2 8. Bxe2 Nf6 9. O-O O-O 10. f4 a6 11. a4 Nd7 12. a5 Rb8 13. Qd2 b6 14. axb6 Rxb6 15. Kh1 Rb4 16. Qc2 Qb6 17. Ra2 Nf6 18. Na4 {0-1 (42) Bologan,V (2640)-Mamedov,R (2688) Tallinn 2016}) 8. dxe6 Nxe6 9. Qd2 {LiveBook: 5 Partien} Nf6 {Weiß steht besser.} 10. f3 O-O 11. O-O-O Qa5 12. Kb1 $146 ({Bitte nicht} 12. Qxd6 $6 Rd8 $11) ({Vorgänger:} 12. Bh6 Rd8 13. Bxg7 Kxg7 14. h4 a6 15. h5 {0-1 (32) Puchart,V (2031)-Novacek,V (2039) Slovakia 2015}) 12... Rd8 13. h4 {[%cal Bh2h4,Bh4h5,Bh5g6][%mdl 32]} h5 14. g4 hxg4 15. fxg4 Nxg4 {[#]} 16. h5 $1 Re8 (16... d5 $16 17. cxd5 (17. exd5 Nxe3 18. Qxe3 Nd4 $14) 17... Qb6 18. hxg6 fxg6) 17. hxg6 {[%mdl 32768] An unexpected result.} 1/2-1/2